[Event "CP-2015-P-00018"]
[Site "LSS email"]
[Date "2015.09.28"]
[Round "?"]
[White "Novikov, Evgeny"]
[Black "Kuzmin, Konstantin"]
[Result "0-1"]
[WhiteElo "1896"]
[BlackElo "2337"]
[PlyCount "46"]
[EventDate "2015.10.01"]
[EventType "tourn (corr)"]
[EventRounds "6"]
[EventCountry "GER"]
[SourceTitle "Corr 2022"]
[Source "ChessBase"]
[SourceDate "2021.10.24"]
[SourceVersion "1"]
[SourceVersionDate "2021.10.24"]
[SourceQuality "1"]

1. e4 e5 2. Nf3 Nc6 3. Bb5 a6 4. Ba4 Nf6 5. 0-0 Be7 6. Nc3 b5 7. Bb3 d6 8. a4 b4 9. Nd5 Na5 10. Ba2 Nxd5 11. exd5 Bg4 12. h3 Bh5 13. c3 e4 14. g4 Bg6 15. Nd4 h5 16. cxb4 Bf6 17. Ne2 hxg4 18. bxa5 Be5 19. Nf4 Bxf4 20. d4 Bxc1 21. Rxc1 Rxh3 22. Rc3 Qh4 23. Rxh3 gxh3 0-1

[Event "LSS No Engine Cup 139 Preliminary 0"]
[Site "LSS email"]
[Date "2015.09.23"]
[Round "?"]
[White "Lombardi, Donato"]
[Black "Novikov, Evgeny"]
[Result "0-1"]
[WhiteElo "1165"]
[BlackElo "1600"]
[PlyCount "60"]
[EventDate "2015.09.24"]
[EventType "tourn (corr)"]
[EventRounds "6"]
[EventCountry "GER"]
[SourceTitle "Corr 2022"]
[Source "ChessBase"]
[SourceDate "2021.10.24"]
[SourceVersion "1"]
[SourceVersionDate "2021.10.24"]
[SourceQuality "1"]

1. e4 e5 2. Nf3 Nc6 3. d4 exd4 4. Nxd4 Nf6 5. Nc3 Bb4 6. Nxc6 bxc6 7. Bd3 0-0 8. 0-0 d5 9. exd5 cxd5 10. Bg5 c6 11. Qf3 Rb8 12. Bxf6 Qxf6 13. Qxf6 gxf6 14. Ne2 Bd6 15. Rab1 Re8 16. Ng3 Re5 17. Rfe1 Rxb2 18. Rxb2 Rxe1+ 19. Nf1 Rc1 20. f3 Bc5+ 21. Kh1 Bf5 22. g4 Bxd3 23. cxd3 Rxf1+ 24. Kg2 Rg1+ 25. Kh3 Bd4 26. Rc2 c5 27. a4 Rd1 28. Kg3 Rxd3 29. h4 c4 30. Kf4 Be5+ 0-1

[Event "SC-2015-0-00272"]
[Site "LSS email"]
[Date "2015.09.11"]
[Round "?"]
[White "Trusewicz, Aleksandra"]
[Black "Novikov, Evgeny"]
[Result "1-0"]
[WhiteElo "1894"]
[BlackElo "1893"]
[PlyCount "93"]
[EventDate "2015.08.16"]
[EventType "tourn (corr)"]
[EventRounds "6"]
[EventCountry "GER"]
[SourceTitle "Corr 2022"]
[Source "ChessBase"]
[SourceDate "2021.10.24"]
[SourceVersion "1"]
[SourceVersionDate "2021.10.24"]
[SourceQuality "1"]

1. d4 d5 2. c4 e6 3. Nc3 Be7 4. cxd5 exd5 5. Bf4 Nc6 6. e3 Nf6 7. Bd3 Bg4 8. Nge2 0-0 9. a3 Bd6 10. Bg5 h6 11. Bxf6 Qxf6 12. Nxd5 Qh4 13. h3 Rae8 14. Kf1 Bd7 15. Nef4 Qd8 16. Bc2 g6 17. h4 Kg7 18. h5 g5 19. Qd3 Rh8 20. Ne2 Ne7 21. Ndc3 c6 22. e4 Be6 23. e5 Bc7 24. Rd1 Qc8 25. f4 Bf5 26. Ne4 gxf4 27. Nxf4 Rd8 28. Re1 Rhg8 29. Qg3+ Kf8 30. Qf2 Rg7 31. Bb3 Ba5 32. Rd1 Bc7 33. Nc5 Bb6 34. Na4 Bc7 35. Rh4 b6 36. Re1 Kg8 37. Nc3 Kh8 38. Kg1 Rdg8 39. Ne4 Bxe4 40. Rxe4 Qf5 41. Bc2 Bd8 42. Re2 Qg5 43. Rh3 b5 44. Rf3 Bc7 45. Kf1 a6 46. Re4 Bb6 47. g4 1-0

[Event "SC-2015-0-00270"]
[Site "LSS email"]
[Date "2015.08.30"]
[Round "?"]
[White "Laczay, Istvan"]
[Black "Novikov, Evgeny"]
[Result "1/2-1/2"]
[WhiteElo "1698"]
[BlackElo "1880"]
[PlyCount "123"]
[EventDate "2015.07.17"]
[EventType "tourn (corr)"]
[EventRounds "6"]
[EventCountry "GER"]
[SourceTitle "Corr 2022"]
[Source "ChessBase"]
[SourceDate "2021.10.24"]
[SourceVersion "1"]
[SourceVersionDate "2021.10.24"]
[SourceQuality "1"]

1. d4 Nf6 2. c4 e6 3. Nc3 d5 4. cxd5 exd5 5. Bg5 Be7 6. e3 h6 7. Bxf6 Bxf6 8. Bd3 0-0 9. Nge2 Re8 10. 0-0 c6 11. b4 a6 12. a4 Be7 13. b5 a5 14. Nf4 Nd7 15. Qf3 Nf6 16. h3 Bb4 17. Rfc1 Qd6 18. Rab1 Bd7 19. Rc2 Rac8 20. Qd1 Kf8 21. bxc6 bxc6 22. Rb3 Ne4 23. Bxe4 dxe4 24. Rb1 g5 25. Nfe2 f5 26. Ng3 Qe6 27. Qh5 Red8 28. Qe2 Kg8 29. h4 gxh4 30. Nh5 Kh7 31. Nf4 Qf7 32. Rcc1 Be8 33. f3 exf3 34. Qxf3 c5 35. d5 Bd7 36. e4 Re8 37. Nd3 Rb8 38. Kh1 h3 39. gxh3 c4 40. Nf2 Qf8 41. Rb2 fxe4 42. Qxf8 Bxf8 43. Rxb8 Rxb8 44. Nfxe4 Kg6 45. Nb5 Bxb5 46. axb5 Bb4 47. Rxc4 Rxb5 48. d6 Rd5 49. Kg2 Kf5 50. Kf3 Ke5 51. Rc8 Rd3+ 52. Ke2 Rd4 53. Kf3 Bxd6 54. Re8+ Kd5 55. Ke3 Rb4 56. Nxd6 Kxd6 57. Ra8 a4 58. Ra6+ Kc5 59. Rxh6 a3 60. Ra6 Rb3+ 61. Kd2 Rxh3 62. Kc2 1/2-1/2

[Event "SC-2015-0-00270"]
[Site "LSS email"]
[Date "2015.08.30"]
[Round "?"]
[White "Novikov, Evgeny"]
[Black "Schulz, Hans Juergen"]
[Result "1/2-1/2"]
[WhiteElo "1880"]
[BlackElo "1686"]
[PlyCount "68"]
[EventDate "2015.07.17"]
[EventType "tourn (corr)"]
[EventRounds "6"]
[EventCountry "GER"]
[SourceTitle "Corr 2022"]
[Source "ChessBase"]
[SourceDate "2021.10.24"]
[SourceVersion "1"]
[SourceVersionDate "2021.10.24"]
[SourceQuality "1"]

1. e4 e5 2. Nf3 Nc6 3. Bb5 a6 4. Ba4 Nf6 5. 0-0 Nxe4 6. Re1 Nc5 7. Bxc6 dxc6 8. Nxe5 Be7 9. d4 Ne6 10. Be3 0-0 11. f4 f6 12. Nf3 Bd6 13. Qd2 Re8 14. c4 Nf8 15. c5 Be7 16. Nc3 Be6 17. Qc2 Qd7 18. Nh4 f5 19. Nf3 Rad8 20. Ne5 Qc8 21. b3 Nd7 22. Rac1 Nf6 23. Bf2 Ng4 24. h3 Nxe5 25. dxe5 Rd7 26. Red1 Red8 27. Ne2 Rd5 28. Rxd5 Rxd5 29. Rd1 Rxd1+ 30. Qxd1 Bd5 31. Nc3 Bf7 32. Ne2 Bd5 33. Nc3 Bf7 34. Ne2 Bd5 1/2-1/2

[Event "SC-2015-0-00264"]
[Site "LSS email"]
[Date "2015.06.20"]
[Round "?"]
[White "Jenneborg, Seved"]
[Black "Novikov, Evgeny"]
[Result "1/2-1/2"]
[WhiteElo "1651"]
[BlackElo "1852"]
[PlyCount "104"]
[EventDate "2015.05.07"]
[EventType "tourn (corr)"]
[EventRounds "6"]
[EventCountry "GER"]
[SourceTitle "Corr 2022"]
[Source "ChessBase"]
[SourceDate "2021.10.24"]
[SourceVersion "1"]
[SourceVersionDate "2021.10.24"]
[SourceQuality "1"]

1. e4 e5 2. Nf3 Nf6 3. d4 exd4 4. e5 Ne4 5. Qxd4 d5 6. exd6 Nxd6 7. Bd3 Nc6 8. Qf4 g6 9. 0-0 Bg7 10. Re1+ Be6 11. Nc3 0-0 12. Be3 Qf6 13. Ng5 Qxf4 14. Bxf4 Rae8 15. a3 Bf5 16. Bxd6 cxd6 17. Bxf5 gxf5 18. Red1 Bxc3 19. bxc3 Re2 20. Rac1 Rd8 21. Rd5 Kg7 22. Nf3 Kf6 23. Kf1 Re4 24. Rcd1 Ra4 25. Rxd6+ Rxd6 26. Rxd6+ Ke7 27. Rh6 Rxa3 28. Nh4 Ra5 29. Rxh7 Rc5 30. Rh8 a5 31. Ra8 f4 32. Ke2 Rxc3 33. Kd2 Rc5 34. Nf3 b5 35. c3 Rd5+ 36. Kc2 a4 37. h4 Ne5 38. Nd4 Ng4 39. Ra5 Nxf2 40. Rxb5 Rxb5 41. Nxb5 Ng4 42. Kd3 Ne3 43. g3 Nf5 44. gxf4 Nxh4 45. Kc4 Ng2 46. Kb4 Nxf4 47. Kxa4 Ke6 48. c4 Ke5 49. c5 Kd5 50. Nd6 f6 51. Ne8 Kxc5 52. Nxf6 Ne2 1/2-1/2

[Event "SC-2015-0-00264"]
[Site "LSS email"]
[Date "2015.06.18"]
[Round "?"]
[White "Novikov, Evgeny"]
[Black "Novikov, Konstantin Ivan"]
[Result "1/2-1/2"]
[WhiteElo "1852"]
[BlackElo "1848"]
[PlyCount "85"]
[EventDate "2015.05.07"]
[EventType "tourn (corr)"]
[EventRounds "6"]
[EventCountry "GER"]
[SourceTitle "Corr 2022"]
[Source "ChessBase"]
[SourceDate "2021.10.24"]
[SourceVersion "1"]
[SourceVersionDate "2021.10.24"]
[SourceQuality "1"]

1. e4 e5 2. Nf3 Nc6 3. Bc4 Bc5 4. d3 Nf6 5. Nc3 0-0 6. 0-0 h6 7. Nd5 d6 8. a4 a5 9. Be3 Nxd5 10. Bxd5 Bxe3 11. fxe3 Qe7 12. Qe2 Be6 13. b3 f5 14. Bxc6 bxc6 15. exf5 Bxf5 16. e4 Bg4 17. h3 Be6 18. Rf2 g5 19. Raf1 c5 20. Nh2 Rf4 21. g3 Rxf2 22. Rxf2 Rf8 23. g4 h5 24. Rg2 Rf4 25. Qe1 hxg4 26. Nxg4 Bxg4 27. Rxg4 Rxg4+ 28. hxg4 Qe6 29. Qg3 Qf6 30. Qe1 Qf4 31. Qxa5 Qc1+ 32. Kf2 Qxc2+ 33. Ke3 Qd1 34. Qxc7 Qe1+ 35. Kf3 Qf1+ 36. Ke3 Qf4+ 37. Ke2 Qxg4+ 38. Kd2 Qg2+ 39. Kc3 Qg1 40. Qd8+ Kf7 41. Qd7+ Kg8 42. Qe6+ Kg7 43. Qe7+ 1/2-1/2